Análisis gráfico de redes de distribución de energia eléctrica.

में बचाया:
ग्रंथसूची विवरण
मुख्य लेखक: Longan Phillips, Gina
स्वरूप: पुस्तक
प्रकाशित: [San José , Costa Rica] 1994
विषय:
टैग: टैग जोड़ें
कोई टैग नहीं, इस रिकॉर्ड को टैग करने वाले पहले व्यक्ति बनें!

MARC

LEADER 00000nam a2200000Ia 4500
003 007054
005 20221231144313.0
008 140114s1994 cr a m 000 ||s d
040 |c cru CEDI 
090 |a TFG 2813 
100 |a Longan Phillips, Gina  |9 11919 
245 |a Análisis gráfico de redes de distribución de energia eléctrica. 
260 |c 1994  |a [San José , Costa Rica] 
300 |a  viii, 42 hojas : ilustraciones.  
500 |a Proyecto de graduacion (licenciatura en ingenieria electrica)--Universidad de Costa Rica. Facultad de Ingeniería. Escuela de Ingenieria Electrica 
650 |x DISTRIBUCION DE ENERGIA ELECTRICA - PROGRAMAS PARA COMPUTADORA  |9 11921 
942 |c TFG  |2 ddc 
999 |c 19853  |d 19853